000 00728nam a2200229 i 4500
001 183520
003 ES-MaACL
005 20231103143653.0
008 140710s2005 sp | |||| ||spa d
020 _a84-86448-82-4
080 _a821.134.2-31"19"
100 1 _aQueraltó, Alberto.
_9154930
245 1 3 _aEl heredero de los dioses /
_cAlberto Queraltó.
260 _aAlcalá de Guadaira (Sevilla) :
_bGuadalmena,
_cD.L. 2005.
300 _a317 p. ;
_c22 cm.
490 1 _aNovela
830 0 _aNovela
_9179893
852 _aES-MaACL
_jA-13133
_9190461
_bR.149956
_cDEPO1
_dOlim: N-6133
_hDonación: Alberto Queraltó
903 _9154930
_aQueraltó, Alberto
_ednr
942 _2udc
_cMONOGRAFIA
999 _c183520
_d183520